[Event "Lyon cup"]
[Site "Lyon"]
[Date "2015.09.26"]
[Round "5.2"]
[White "Fischer, Marc"]
[Black "Ternault, Mathieu"]
[Result "0-1"]
[WhiteElo "2226"]
[BlackElo "2282"]
[PlyCount "92"]
[EventDate "2015.09.24"]
[EventType "swiss"]
[EventRounds "7"]
[EventCountry "FRA"]
[SourceTitle "EXT 2024"]
[Source "ChessBase"]
[SourceDate "2023.10.10"]
[SourceVersion "1"]
[SourceVersionDate "2023.10.10"]
[SourceQuality "1"]

1. d4 Nc6 2. Nc3 e5 3. dxe5 Nxe5 4. Nf3 Ng6 5. Bg5 Be7 6. Bxe7 Qxe7 7. Qd2 Nf6 8. h4 h6 9. e3 d6 10. 0-0-0 a6 11. Nd4 Ne5 12. f3 Be6 13. Nxe6 fxe6 14. g4 0-0-0 15. Bg2 g5 16. hxg5 hxg5 17. Qf2 Kb8 18. Qg3 Qg7 19. Rd4 Rxh1+ 20. Bxh1 Rh8 21. Bg2 Qh6 22. Qe1 Nc6 23. Ra4 Qh2 24. Qf1 d5 25. Ne2 Qd6 26. Qg1 Rh4 27. c4 dxc4 28. Rxc4 Qd3 29. Rxc6 bxc6 30. Nd4 Nd5 31. Bf1 Qxe3+ 32. Qxe3 Nxe3 33. Bxa6 Ka7 34. Bd3 Rh6 35. Nxc6+ Kb6 36. Ne5 Kc5 37. Nf7 Rh1+ 38. Kd2 Kd4 39. Be2 Rb1 40. b3 Rb2+ 41. Ke1 Ng2+ 42. Kf1 Nf4 43. Bc4 Ke3 44. Kg1 Nh3+ 45. Kh1 Kxf3 46. Bxe6 Kg3 0-1

[Event "Rome Capablanca op 2nd"]
[Site "Rome"]
[Date "2009.07.10"]
[Round "1"]
[White "Di Mauro, Sebastiano"]
[Black "Fischer, Marc"]
[Result "0-1"]
[WhiteElo "1799"]
[BlackElo "2224"]
[PlyCount "90"]
[EventDate "2009.07.10"]
[EventType "swiss"]
[EventRounds "4"]
[EventCountry "ITA"]
[SourceTitle "EXT 2011"]
[Source "ChessBase"]
[SourceDate "2010.11.26"]
[SourceVersion "1"]
[SourceVersionDate "2010.11.26"]
[SourceQuality "1"]

1. e4 e6 2. d4 d5 3. Nc3 Nf6 4. Bg5 Bb4 5. Bxf6 Qxf6 6. e5 Qe7 7. a3 Bxc3+ 8. bxc3 c5 9. Qg4 g6 10. Nf3 Bd7 11. Bd3 Bc6 12. c4 dxc4 13. Bxc4 Nd7 14. c3 h5 15. Qf4 Nb6 16. Be2 0-0-0 17. 0-0 Bxf3 18. Bxf3 g5 19. Qd2 g4 20. Be4 Rd7 21. Rfd1 Kb8 22. Qb2 Rhd8 23. Rab1 cxd4 24. cxd4 Nc4 25. Qb3 Rxd4 26. Rxd4 Rxd4 27. f3 b6 28. Qc3 Qc5 29. Kh1 Qxe5 30. Qb4 Qd6 31. Qxd6+ Nxd6 32. Bh7 Nc4 33. fxg4 hxg4 34. Bg8 Nxa3 35. Rf1 e5 36. Bxf7 e4 37. Kg1 e3 38. Bb3 a5 39. Re1 a4 40. Bd1 b5 41. h4 gxh3 42. gxh3 Nc4 43. Kg2 a3 44. Kf3 a2 45. Bb3 Nd2+ 0-1

[Event "Selestat op 15th"]
[Site "Selestat"]
[Date "2008.02.25"]
[Round "5"]
[White "Fischer, Marc"]
[Black "Barsov, Alexei"]
[Result "1/2-1/2"]
[WhiteElo "2212"]
[BlackElo "2521"]
[PlyCount "55"]
[EventDate "2008.02.21"]
[EventType "swiss"]
[EventRounds "7"]
[EventCountry "FRA"]
[SourceTitle "CBM 122 Extra"]
[Source "ChessBase"]
[SourceDate "2008.03.04"]
[SourceVersion "1"]
[SourceVersionDate "2008.03.04"]
[SourceQuality "1"]

1. d4 d5 2. Nf3 Nf6 3. c4 e6 4. g3 dxc4 5. Qa4+ Nbd7 6. Qxc4 b6 7. Nc3 Bb7 8. Bf4 Nd5 9. Bg5 Be7 10. Bxe7 Qxe7 11. Bg2 c5 12. 0-0 0-0 13. dxc5 Rac8 14. b4 bxc5 15. b5 N7b6 16. Nxd5 exd5 17. Qc2 d4 18. Ng5 g6 19. Bxb7 Qxb7 20. Ne4 Qe7 21. Rfe1 Nd5 22. Nd2 Nc3 23. e3 Nxb5 24. a4 Nc3 25. exd4 Ne2+ 26. Kf1 Nxd4 27. Rxe7 Nxc2 28. Rc1 1/2-1/2

[Event "FRA-ch op-A"]
[Site "Aix les Bains"]
[Date "2007.08.21"]
[Round "8"]
[White "Fischer, Marc"]
[Black "Bonn, Thomas"]
[Result "1/2-1/2"]
[WhiteElo "2183"]
[BlackElo "2116"]
[PlyCount "39"]
[EventDate "2007.08.13"]
[EventType "swiss"]
[EventRounds "11"]
[EventCountry "FRA"]
[SourceTitle "CBM 120 Extra"]
[Source "ChessBase"]
[SourceDate "2007.11.01"]
[SourceVersion "1"]
[SourceVersionDate "2007.11.01"]
[SourceQuality "1"]

1. d4 Nf6 2. Bg5 c5 3. d5 Qb6 4. Bc1 e6 5. Nc3 exd5 6. Nxd5 Nxd5 7. Qxd5 d6 8. c3 Be6 9. Qf3 d5 10. e4 dxe4 11. Qxe4 Nd7 12. Nf3 Nf6 13. Qa4+ Bd7 14. Qb3 Bd6 15. Be3 Qc7 16. Bb5 0-0 17. Bxd7 Qxd7 18. 0-0-0 Qc7 19. h3 Bf4 20. Rhe1 1/2-1/2

[Event "FRA-ch op-A"]
[Site "Aix les Bains"]
[Date "2007.08.14"]
[Round "1"]
[White "Batteux, Mickael"]
[Black "Fischer, Marc"]
[Result "0-1"]
[WhiteElo "2049"]
[BlackElo "2183"]
[PlyCount "60"]
[EventDate "2007.08.13"]
[EventType "swiss"]
[EventRounds "11"]
[EventCountry "FRA"]
[SourceTitle "CBM 120 Extra"]
[Source "ChessBase"]
[SourceDate "2007.11.01"]
[SourceVersion "1"]
[SourceVersionDate "2007.11.01"]
[SourceQuality "1"]

1. d4 e6 2. Nf3 Nf6 3. Bg5 c5 4. e3 h6 5. Bxf6 Qxf6 6. c3 b6 7. Nbd2 Bb7 8. Bd3 Qe7 9. 0-0 Nc6 10. a4 g5 11. Ne5 Bg7 12. Nxc6 Bxc6 13. Bb5 cxd4 14. Bxc6 dxc6 15. cxd4 0-0 16. Rc1 Rac8 17. Qb3 e5 18. dxe5 Qxe5 19. Nc4 Qe6 20. Qb4 Rfd8 21. Rfd1 Rd5 22. Qe1 b5 23. axb5 cxb5 24. Rxd5 Qxd5 25. Nd2 Rd8 26. Rc2 b4 27. Nf1 Qd1 28. Qxd1 Rxd1 29. Rc4 a5 30. Rc5 a4 0-1

[Event "FRA-chT1B 0607"]
[Site "France"]
[Date "2006.11.06"]
[Round "3.4"]
[White "Grabarczyk, Bogdan"]
[Black "Fischer, Marc"]
[Result "1-0"]
[WhiteElo "2447"]
[BlackElo "2180"]
[PlyCount "115"]
[EventDate "2006.10.15"]
[EventType "team"]
[EventRounds "11"]
[EventCountry "FRA"]
[SourceTitle "EXT 2008"]
[Source "ChessBase"]
[SourceDate "2007.11.25"]
[SourceVersion "1"]
[SourceVersionDate "2007.11.25"]
[SourceQuality "1"]
[WhiteTeam "Marseille Duchamps"]
[BlackTeam "Mulhouse II"]
[WhiteTeamCountry "FRA"]
[BlackTeamCountry "FRA"]

1. e4 e6 2. d4 d5 3. Nc3 Nf6 4. e5 Nfd7 5. Nf3 c5 6. dxc5 Bxc5 7. Bd3 Nc6 8. Bf4 f6 9. exf6 Qxf6 10. Bg3 0-0 11. 0-0 Nd4 12. Nxd4 Bxd4 13. Qh5 g6 14. Qe2 Nc5 15. Nd1 Nxd3 16. Qxd3 Bd7 17. c3 Be5 18. Ne3 Bxg3 19. hxg3 Bc6 20. Ng4 Qg5 21. Qd4 a6 22. Rfe1 h5 23. Ne5 Rf6 24. Nf3 Qf5 25. Nh4 e5 26. Nxf5 exd4 27. Nxd4 Raf8 28. f3 R8f7 29. Re5 Rd6 30. Rae1 Kg7 31. Kf2 Bd7 32. Re7 Rb6 33. b3 Rd6 34. Rxf7+ Kxf7 35. Re5 Kf6 36. f4 Bg4 37. Ke3 Rd8 38. Nf3 Rc8 39. Kd4 Be6 40. Re3 b5 41. Ne5 a5 42. Nxg6 b4 43. Ne5 bxc3 44. Rxc3 Rg8 45. a4 h4 46. gxh4 Rxg2 47. Nc6 Rg4 48. Rf3 Rxh4 49. Nxa5 Kf5 50. Nc6 Rh2 51. Ne5 Rd2+ 52. Nd3 Kg4 53. Re3 Bf7 54. Kc3 Rd1 55. Re1 Rxe1 56. Nxe1 Kxf4 57. Kd4 Kg3 58. a5 1-0

[Event "FRA-chT1B 0607"]
[Site "France"]
[Date "2006.10.15"]
[Round "1.6"]
[White "Safranska, Anda"]
[Black "Fischer, Marc"]
[Result "1/2-1/2"]
[WhiteElo "2303"]
[BlackElo "2180"]
[PlyCount "79"]
[EventDate "2006.10.15"]
[EventType "team"]
[EventRounds "11"]
[EventCountry "FRA"]
[SourceTitle "EXT 2008"]
[Source "ChessBase"]
[SourceDate "2007.11.25"]
[SourceVersion "1"]
[SourceVersionDate "2007.11.25"]
[SourceQuality "1"]
[WhiteTeam "Lyon Olympique"]
[BlackTeam "Mulhouse II"]
[WhiteTeamCountry "FRA"]
[BlackTeamCountry "FRA"]

1. e4 e6 2. d3 d5 3. Qe2 Nc6 4. Nf3 Nf6 5. g3 dxe4 6. dxe4 e5 7. Bg2 Bc5 8. 0-0 0-0 9. c3 a5 10. h3 b6 11. Rd1 Qe7 12. Nh4 Ba6 13. Qe1 Rfd8 14. Rxd8+ Rxd8 15. Nd2 Qe8 16. Nf1 Ne7 17. Bg5 Rd6 18. Nf3 Nc6 19. Nh4 Ne7 20. Nf5 Nxf5 21. exf5 Qb5 22. b3 Bc8 23. g4 h6 24. Bxf6 Rxf6 25. Ng3 Rd6 26. Ne4 Rd8 27. Rd1 Rxd1 28. Qxd1 Bf8 29. f6 Qd7 30. Qf3 g6 31. Ng3 Bc5 32. Qa8 Kh7 33. Bd5 h5 34. Ne4 Kh6 35. Nxc5 bxc5 36. Bxf7 Qd1+ 37. Kg2 Qd7 38. h4 Qxg4+ 39. Kf1 Qd1+ 40. Kg2 1/2-1/2

[Event "FRA-ch U20"]
[Site "Aix les Bains"]
[Date "2006.04.??"]
[Round "6"]
[White "Fischer, Marc"]
[Black "Coulon, Guillaume"]
[Result "1-0"]
[WhiteElo "2185"]
[BlackElo "2001"]
[PlyCount "68"]
[EventDate "2006.04.??"]
[EventType "swiss"]
[EventRounds "8"]
[EventCountry "FRA"]
[SourceTitle "EXT 2007"]
[Source "ChessBase"]
[SourceDate "2006.11.23"]
[SourceVersion "1"]
[SourceVersionDate "2006.11.23"]
[SourceQuality "1"]

1. Nf3 Nf6 2. g3 c5 3. Bg2 g6 4. d3 Bg7 5. Nbd2 Nc6 6. e4 e5 7. 0-0 0-0 8. a4 d6 9. c3 Ne8 10. Rb1 Nc7 11. b4 b6 12. b5 Ne7 13. d4 Bb7 14. dxe5 dxe5 15. Qe2 Ne6 16. Nc4 Qc7 17. Bg5 Nxg5 18. Nxg5 h6 19. Nf3 Bc8 20. Nfd2 Be6 21. Ra1 Nc8 22. a5 Nd6 23. Nxd6 Qxd6 24. Nc4 Bxc4 25. Qxc4 Rfd8 26. f4 Qe6 27. Qxe6 fxe6 28. f5 Kf7 29. fxg6+ Kxg6 30. Ra3 Rd6 31. axb6 Rxb6 32. c4 Rd8 33. Rxa7 Rd4 34. Ra6 Rb8 1-0

[Event "Illkirch Graffenstaden op"]
[Site "Illkirch Graffenstaden"]
[Date "2004.07.12"]
[Round "5"]
[White "Drenchev, Petar"]
[Black "Fischer, Marc"]
[Result "1-0"]
[WhiteElo "2392"]
[BlackElo "2103"]
[PlyCount "105"]
[EventDate "2004.07.10"]
[EventType "swiss"]
[EventRounds "9"]
[EventCountry "FRA"]
[SourceTitle "EXT 2005"]
[Source "ChessBase"]
[SourceDate "2004.11.15"]
[SourceVersion "1"]
[SourceVersionDate "2004.11.15"]
[SourceQuality "1"]

1. c4 Nf6 2. Nc3 e6 3. Nf3 Bb4 4. Qc2 0-0 5. a3 Bxc3 6. Qxc3 d6 7. b4 e5 8. Bb2 Qe7 9. g3 Ne4 10. Qc2 f5 11. Bg2 Nd7 12. 0-0 c5 13. Nh4 Ndf6 14. f3 Ng5 15. bxc5 dxc5 16. Nxf5 Bxf5 17. Qxf5 Nfe4 18. Qxe5 Qxe5 19. Bxe5 Nxd2 20. Bf4 Rxf4 21. gxf4 Nxf1 22. Kxf1 Ne6 23. e3 Rd8 24. Bh3 Kf7 25. Ke2 Rd6 26. Rd1 Rb6 27. Rd7+ Kf6 28. Bxe6 Rxe6 29. Rxb7 Ra6 30. Rb3 Kf5 31. h3 h6 32. Rb5 Rxa3 33. Rxc5+ Kf6 34. h4 a5 35. h5 a4 36. Ra5 Ra1 37. Kd3 a3 38. Ke4 a2 39. Ra6+ Kf7 40. Kf5 Rc1 41. Rxa2 Rxc4 42. Ra7+ Kg8 43. e4 Rc3 44. Kg4 Rc6 45. e5 Rc8 46. Kf5 Rc5 47. Rd7 Kf8 48. Kg6 Rc6+ 49. Rd6 Rc8 50. f5 Re8 51. e6 Kg8 52. Rd7 Kh8 53. e7 1-0

[Event "France-ch U18"]
[Site "Reims"]
[Date "2004.04.24"]
[Round "8"]
[White "Fischer, Marc"]
[Black "Cossin, Sebastien"]
[Result "1/2-1/2"]
[WhiteElo "2110"]
[BlackElo "2392"]
[PlyCount "97"]
[EventDate "2004.04.??"]
[EventType "swiss"]
[EventRounds "9"]
[EventCountry "FRA"]
[SourceTitle "EXT 2005"]
[Source "ChessBase"]
[SourceDate "2004.11.15"]
[SourceVersion "1"]
[SourceVersionDate "2004.11.15"]
[SourceQuality "1"]

1. d4 Nf6 2. Nc3 d5 3. Bg5 c6 4. Nf3 Ne4 5. Nxe4 dxe4 6. Ng1 Qb6 7. Bc1 Bg4 8. c3 e5 9. h3 Bh5 10. Qc2 Bg6 11. e3 exd4 12. exd4 Bd6 13. Be3 0-0 14. Bc4 Qc7 15. Ne2 Nd7 16. 0-0 b5 17. Bb3 c5 18. dxc5 Nxc5 19. Bd5 Rae8 20. Nd4 a6 21. c4 b4 22. a3 Nd3 23. axb4 Nxb4 24. Qa4 Rc8 25. Rfc1 Qe7 26. Nc6 Nxc6 27. Bxc6 Qe5 28. g3 Bc5 29. Rc3 Bxe3 30. Rxe3 f5 31. Bd5+ Kh8 32. Qxa6 Qxb2 33. Qa3 Qf6 34. Qc3 Qg5 35. Qe5 Rce8 36. Qf4 Qf6 37. Rea3 Bh5 38. h4 Bf3 39. Ra6 Qd4 40. Qe3 Qe5 41. Qf4 Qb2 42. R6a2 Qb4 43. Ra4 Qc5 44. Ra5 Qd4 45. Qe3 Qb2 46. R5a2 Qb4 47. Ra4 Qe7 48. Ra7 Qf6 49. R7a6 1/2-1/2

[Event "Basel Hilton op 06th"]
[Site "Basel"]
[Date "2004.01.02"]
[Round "4"]
[White "Lekic, Dusan"]
[Black "Fischer, Marc"]
[Result "1-0"]
[WhiteElo "2389"]
[BlackElo "2095"]
[PlyCount "53"]
[EventDate "2004.01.01"]
[EventType "swiss"]
[EventRounds "7"]
[EventCountry "SUI"]
[SourceTitle "CBM 098 Extra"]
[Source "ChessBase"]
[SourceDate "2004.03.10"]
[SourceVersion "2"]
[SourceVersionDate "2004.03.10"]
[SourceQuality "1"]

1. e4 e6 2. d4 d5 3. Nc3 Nf6 4. Bg5 Bb4 5. e5 h6 6. Bd2 Bxc3 7. bxc3 Ne4 8. Qg4 g6 9. Bd3 Nxd2 10. Kxd2 c5 11. h4 c4 12. Be2 Qe7 13. h5 g5 14. f4 gxf4 15. Qxf4 Bd7 16. Nh3 Nc6 17. Raf1 Rh7 18. g4 0-0-0 19. g5 b5 20. gxh6 Rg8 21. Rhg1 Rxg1 22. Rxg1 Qf8 23. Rg7 Rxg7 24. hxg7 Qxg7 25. h6 Qh7 26. Qf6 b4 27. Ng5 1-0

[Event "FRA-chT U20 0203"]
[Site "Clichy"]
[Date "2003.05.03"]
[Round "10.1"]
[White "Fischer, Marc"]
[Black "Hamel, Olivier"]
[Result "1-0"]
[WhiteElo "2054"]
[BlackElo "1998"]
[PlyCount "92"]
[EventDate "2002.12.??"]
[EventType "team"]
[EventRounds "11"]
[EventCountry "FRA"]
[SourceTitle "EXT 2004"]
[Source "ChessBase"]
[SourceDate "2003.11.25"]
[SourceVersion "1"]
[SourceVersionDate "2003.11.25"]
[SourceQuality "1"]
[WhiteTeam "Mulhouse"]
[BlackTeam "Clichy"]
[WhiteTeamCountry "FRA"]
[BlackTeamCountry "FRA"]

1. e4 e6 2. d3 d5 3. Nd2 Nf6 4. Ngf3 c5 5. g3 Nc6 6. Bg2 b6 7. 0-0 Bb7 8. e5 Nd7 9. Re1 Qc7 10. Qe2 Be7 11. Nf1 0-0-0 12. h4 h6 13. N1h2 Rhg8 14. c4 d4 15. Bd2 Rde8 16. a3 f6 17. exf6 Bxf6 18. b4 e5 19. b5 Na5 20. Bxa5 bxa5 21. Nd2 Bxg2 22. Kxg2 Bd8 23. Qe4 Qb7 24. Nhf3 Qxe4 25. Nxe4 Re6 26. Re2 Rge8 27. Nfd2 Kb7 28. a4 Kb6 29. Rh1 Nf6 30. Nxf6 gxf6 31. Rhe1 f5 32. f4 Bf6 33. fxe5 Rxe5 34. Rxe5 Rxe5 35. Rxe5 Bxe5 36. h5 Kc7 37. Kf3 Kb6 38. g4 fxg4+ 39. Kxg4 Bf6 40. Ne4 Bd8 41. Kf5 Bc7 42. Nf6 Bd6 43. Kg6 a6 44. bxa6 Kxa6 45. Kxh6 Kb6 46. Kg7 Bf4 1-0

[Event "FRA-chT U20 0203"]
[Site "Clichy"]
[Date "2003.05.03"]
[Round "9.1"]
[White "Shoker, Samy"]
[Black "Fischer, Marc"]
[Result "1/2-1/2"]
[WhiteElo "2215"]
[BlackElo "2054"]
[PlyCount "85"]
[EventDate "2002.12.??"]
[EventType "team"]
[EventRounds "11"]
[EventCountry "FRA"]
[SourceTitle "EXT 2004"]
[Source "ChessBase"]
[SourceDate "2003.11.25"]
[SourceVersion "1"]
[SourceVersionDate "2003.11.25"]
[SourceQuality "1"]
[WhiteTeam "Bois Colombes"]
[BlackTeam "Mulhouse"]
[WhiteTeamCountry "FRA"]
[BlackTeamCountry "FRA"]

1. d3 d5 2. Nd2 Nf6 3. g3 e5 4. Bg2 c6 5. c4 Bd6 6. Ngf3 0-0 7. 0-0 Re8 8. cxd5 cxd5 9. e4 dxe4 10. dxe4 Nc6 11. b3 Qe7 12. Bb2 Ba3 13. Bxa3 Qxa3 14. Nc4 Qe7 15. Qc2 Bg4 16. Nh4 Nd4 17. Qb2 Be2 18. Rfc1 Bd3 19. Re1 Bxc4 20. bxc4 Rac8 21. Rac1 b6 22. Nf5 Nxf5 23. exf5 h6 24. Re3 Rc5 25. Rce1 Qc7 26. h3 e4 27. Bxe4 Rxc4 28. Bd3 Rxe3 29. Rxe3 Rc1+ 30. Kg2 Qc6+ 31. Rf3 Re1 32. Qd2 Re5 33. Qc2 Rc5 34. Qe2 Qd6 35. g4 Re5 36. Qb2 Rc5 37. Qe2 Re5 38. Qc2 Rc5 39. Qe2 Re5 40. Qc2 Rc5 41. Qa4 Ra5 42. Qc4 Rc5 43. Qa4 1/2-1/2

[Event "FRA-chT U20 0203"]
[Site "Clichy"]
[Date "2003.05.02"]
[Round "8.1"]
[White "Fischer, Marc"]
[Black "Pieroni, Guillaume"]
[Result "1-0"]
[WhiteElo "2054"]
[BlackElo "2042"]
[PlyCount "79"]
[EventDate "2002.12.??"]
[EventType "team"]
[EventRounds "11"]
[EventCountry "FRA"]
[SourceTitle "EXT 2004"]
[Source "ChessBase"]
[SourceDate "2003.11.25"]
[SourceVersion "1"]
[SourceVersionDate "2003.11.25"]
[SourceQuality "1"]
[WhiteTeam "Mulhouse"]
[BlackTeam "Avignon"]
[WhiteTeamCountry "FRA"]
[BlackTeamCountry "FRA"]

1. e4 e6 2. d3 d5 3. Nd2 Nf6 4. Ngf3 b6 5. g3 Bb7 6. e5 Nfd7 7. Bg2 c5 8. 0-0 Nc6 9. Re1 Qc7 10. Qe2 Be7 11. h4 h6 12. Nf1 0-0-0 13. Bf4 Rdg8 14. Qd2 Qd8 15. h5 g5 16. hxg6 fxg6 17. d4 g5 18. Be3 g4 19. N3h2 h5 20. c3 cxd4 21. Bxd4 Na5 22. b3 Kb8 23. Qe2 Bg5 24. Nd2 Bxd2 25. Qxd2 Qg5 26. Be3 Qf5 27. c4 h4 28. cxd5 hxg3 29. fxg3 Qh5 30. Nf1 Rf8 31. Bf4 Nc5 32. Rac1 exd5 33. Rxc5 bxc5 34. Qxa5 Rxf4 35. gxf4 Qh4 36. Qd2 d4 37. Bxb7 Kxb7 38. Qg2+ Kb8 39. Rc1 g3 40. Rxc5 1-0

[Event "FRA-chT U20 0203"]
[Site "Clichy"]
[Date "2003.01.05"]
[Round "7.1"]
[White "Delorme, Alban"]
[Black "Fischer, Marc"]
[Result "1/2-1/2"]
[WhiteElo "2216"]
[BlackElo "2075"]
[PlyCount "99"]
[EventDate "2002.12.??"]
[EventType "team"]
[EventRounds "11"]
[EventCountry "FRA"]
[SourceTitle "EXT 2004"]
[Source "ChessBase"]
[SourceDate "2003.11.25"]
[SourceVersion "1"]
[SourceVersionDate "2003.11.25"]
[SourceQuality "1"]
[WhiteTeam "Sautron"]
[BlackTeam "Mulhouse"]
[WhiteTeamCountry "FRA"]
[BlackTeamCountry "FRA"]

1. e4 e6 2. d4 d5 3. Nc3 Nf6 4. Bg5 Bb4 5. e5 h6 6. Be3 Ne4 7. Qg4 g6 8. a3 Bxc3+ 9. bxc3 c5 10. Bd3 cxd4 11. Bxd4 h5 12. Qf4 Qg5 13. Qxg5 Nxg5 14. f4 Nh7 15. Nf3 Nc6 16. h3 Bd7 17. g4 hxg4 18. hxg4 0-0-0 19. Kd2 Rdg8 20. Rh6 Nf8 21. Rah1 Rxh6 22. Rxh6 b6 23. Ng5 Be8 24. Ke3 Kb7 25. c4 dxc4 26. Bxc4 Nxd4 27. Kxd4 Kc7 28. Ne4 Nd7 29. Rh7 Nf8 30. Rh3 Nd7 31. Nd6 Kd8 32. Rh7 Rf8 33. Bb5 a5 34. f5 exf5 35. gxf5 gxf5 36. Nxe8 Rxe8 37. Bxd7 Kxd7 38. Rxf7+ Kc6 39. Rf6+ Kb5 40. c4+ Ka4 41. Rxb6 Kxa3 42. e6 a4 43. Ke5 f4 44. Kxf4 Rc8 45. e7 Rxc4+ 46. Ke5 Rc8 47. Ke6 Re8 48. Kd7 Rxe7+ 49. Kxe7 Ka2 50. Rb7 1/2-1/2

[Event "FRA-chT U20 0203"]
[Site "Clichy"]
[Date "2003.01.04"]
[Round "6.1"]
[White "Fischer, Marc"]
[Black "Truchot, Baptiste"]
[Result "0-1"]
[WhiteElo "2071"]
[BlackElo "2093"]
[PlyCount "104"]
[EventDate "2002.12.??"]
[EventType "team"]
[EventRounds "11"]
[EventCountry "FRA"]
[SourceTitle "EXT 2004"]
[Source "ChessBase"]
[SourceDate "2003.11.25"]
[SourceVersion "1"]
[SourceVersionDate "2003.11.25"]
[SourceQuality "1"]
[WhiteTeam "Mulhouse"]
[BlackTeam "Neuilly"]
[WhiteTeamCountry "FRA"]
[BlackTeamCountry "FRA"]

1. Nf3 d5 2. g3 g6 3. Bg2 Bg7 4. 0-0 e6 5. d3 Ne7 6. c3 c5 7. e4 Nbc6 8. Nbd2 b6 9. Re1 Qc7 10. Qc2 Ba6 11. Nf1 0-0 12. Bf4 Qd7 13. Rad1 Rad8 14. d4 cxd4 15. Nxd4 Nxd4 16. cxd4 dxe4 17. Qxe4 Nd5 18. Bg5 Rc8 19. Ne3 Bb7 20. Qb1 Nxe3 21. Bxe3 Bxg2 22. Kxg2 Rfd8 23. Kg1 Rc4 24. b3 Rc6 25. Rd2 Rdc8 26. Red1 Qd5 27. Qd3 Rc1 28. Qf1 Rxd1 29. Qxd1 Bf6 30. Rd3 Kg7 31. Rd2 h5 32. h4 Rc7 33. Rd3 Qa5 34. Qd2 Qxd2 35. Rxd2 Rd7 36. Kf1 Kf8 37. Ke2 Ke7 38. Kd1 Kd6 39. Ke2 Kd5 40. Kd3 Rc7 41. Rd1 Be7 42. Rc1 Rxc1 43. Bxc1 f6 44. Bd2 g5 45. f3 gxh4 46. gxh4 b5 47. Bf4 f5 48. Bg3 Bd8 49. Ke3 Bb6 50. Be5 Bd8 51. Bg3 f4+ 52. Bxf4 Bxh4 0-1